000 00448nam a2200145Ia 4500
008 100122s9999 xx 000 0 und d
082 _b59329
_a823
100 _aसोनवणी संजय
245 _aअखेरचा सम्राट
260 _bपुष्प प्रकाशन
_c2000
300 _a230
630 _aअखेरचा सम्राट
730 _aअखेरचा सम्राट
942 _cBOOK
999 _c434926
_d434923